Rubber cultivation in alkaline soils of Dooars area of West Bengal: A report on growth of young plants (Record no. 48488)

MARC details
000 -LEADER
fixed length control field 00561nam a2200205Ia 4500
100 ## - MAIN ENTRY--AUTHOR NAME
Personal name Das G
245 #0 - TITLE STATEMENT
Title Rubber cultivation in alkaline soils of Dooars area of West Bengal: A report on growth of young plants
260 ## - PUBLICATION, DISTRIBUTION, ETC. (IMPRINT)
Name of publisher Rubber Science
Year of publication 2015
300 ## - PHYSICAL DESCRIPTION
Number of Pages 266-274
650 ## - SUBJECT ADDED ENTRY--TOPICAL TERM
Topical Term Growth
650 ## - SUBJECT ADDED ENTRY--TOPICAL TERM
Topical Term High pH soil
650 ## - SUBJECT ADDED ENTRY--TOPICAL TERM
Topical Term Immature phase
650 ## - SUBJECT ADDED ENTRY--TOPICAL TERM
Topical Term Photosynthetic efficiency
700 ## - ADDED ENTRY--PERSONAL NAME
Personal name Choudhury M
700 ## - ADDED ENTRY--PERSONAL NAME
Personal name Jacob J
700 ## - ADDED ENTRY--PERSONAL NAME
Personal name Krishnakumar R
700 ## - ADDED ENTRY--PERSONAL NAME
Personal name Kumar S
942 ## - ADDED ENTRY ELEMENTS (KOHA)
Koha item type Bibliography STAF
Holdings
Withdrawn status Lost status Damaged status Not for loan Home library Current library Shelving location Date acquired Serial Enumeration / chronology Koha item type
      Bibliography RRII Library RRII Library Agronomy 09/04/2014 Volume 28, Issue 3 Bibliography STAF